Normal view
MARC view
- Kakar, Ajit Singh
Entry Personal Name
001 - CONTROL NUMBER
- control field: 18904
003 - CONTROL NUMBER IDENTIFIER
- control field: NUST
005 - DATE AND TIME OF LATEST TRANSACTION
- control field: 20190731051001.0
008 - FIXED-LENGTH DATA ELEMENTS
- fixed length control field: 190731|| aca||aabn | a|a d
040 ## - CATALOGING SOURCE
- Original cataloging agency: NUST
- Transcribing agency: NUST
100 ## - HEADING--PERSONAL NAME
- Personal name: Kakar, Ajit Singh
670 ## - SOURCE DATA FOUND
- Source citation: Work cat.: (NUST): Kakar, Ajit Singh, Punjabi Sabhiachar /
